| 000 | 00539nam a22001937a 4500 | ||
|---|---|---|---|
| 005 | 20240912100721.0 | ||
| 008 | 240912b |||||||| |||| 00| 0 eng d | ||
| 020 | _a9789355405234 | ||
| 040 |
_aIN-DiNC _cIN-DiNC |
||
| 041 | _deng | ||
| 082 |
_a910 _bBAR |
||
| 100 |
_aBarua, Bipasha Chetiya _eauthor |
||
| 245 |
_aTourism management (SEC)/ _cby Bipasha Chetiya Barua and Sanjay Rizal |
||
| 260 |
_aLudhiana: _bKalyani publishers, _c2023. |
||
| 300 | _a190p. | ||
| 650 | _aTourism | ||
| 700 |
_aRizal, Sanjay _eauthor |
||
| 942 |
_2ddc _cBK |
||
| 999 |
_c11944 _d11944 |
||